000 00383nam a2200145 a 4500
005 20140414132109.0
008 110115s19uu xx 00 eng d
050 _aM 612.8
_bB35 2007
100 _aBerger, Melvin.
245 _aGo to sleep /
_cby Melvin and Gilda Berger.
260 _aNew York :
_bScholastic,
_c2007.
440 _aNow I know
650 _a Sleep
999 _c114689
_d114689